Normalitás és abnormalitás neveléstörténeti tankönyveinkben
MatarkaID=2285747
Elmentve itt :
| Szerző: | |
|---|---|
| Dokumentumtípus: | Cikk |
| Megjelent: |
2015
|
| Sorozat: | PEDAGÓGIATÖRTÉNETI SZEMLE
1 No. 2 |
| Tárgyszavak: | |
| mtmt: | 2967679 |
| Online Access: | http://publicatio.bibl.u-szeged.hu/35136 |
| LEADER | 00679nab a2200205 i 4500 | ||
|---|---|---|---|
| 001 | publ35136 | ||
| 005 | 20241113103635.0 | ||
| 008 | 241113s2015 hu o 000 hun d | ||
| 022 | |a 2415-9093 | ||
| 024 | 7 | |a 2967679 |2 mtmt | |
| 040 | |a SZTE Publicatio Repozitórium |b hun | ||
| 041 | |a hun | ||
| 100 | 1 | |a Nóbik Attila | |
| 245 | 1 | 0 | |a Normalitás és abnormalitás neveléstörténeti tankönyveinkben |h [elektronikus dokumentum] / |c Nóbik Attila |
| 260 | |c 2015 | ||
| 300 | |a 21-37 | ||
| 490 | 0 | |a PEDAGÓGIATÖRTÉNETI SZEMLE |v 1 No. 2 | |
| 520 | 3 | |a MatarkaID=2285747 | |
| 650 | 4 | |a Oktatástudomány | |
| 856 | 4 | 0 | |u http://publicatio.bibl.u-szeged.hu/35136/1/na_normalitas.pdf |z Dokumentum-elérés |